000
00302nam a2200133Ia 4500
082
_a
617.6
_b
D2001S
100
_a
V.K.SUBBARAO
245
_a
NOTES ON DENTAL MATERIALS
250
_a
4TH
260
_b
PARAS PUBLISHING
_a
HYDERABAD
_c
2001
300
_a
1-325
650
_a
DENTAL MATERIAL
942
_2
ddc
_c
BK
999
_c
2573
_d
2573